00540nam a2200157Ia 450000500170000000800410001708200130005810000140007124500910008526000280017630000130020450000490021794200060026695200950027299900150036720250522003747.0240331s9999 xx 000 0 und d a301bCAR aCarlose,  0aAmaippiyalvaathamum Tamil iIlakkiyamum :bessays on structuralism and Tamil literature aBangalorebKAAVYAc1991 a151 p ., aessays on structuralism and Tamil literature cL 001040708LaWERCLbWERCLcSSCd2024-03-31l0o 301 CARp3659r2024-03-31w2024-03-31yL c1041d1041